000 01011nmc a2200385 a 4500
003 AR-BaBNM
005 20251128211559.0
008 134120s2000 ||||||||||||||000 | spa||
020 _a950-701-635-X
040 _cAR-BaBNM
100 1 _aGardner, Howard
245 1 0 _aInteligencia
_bmúltiples perspectivas
250 _a1ª ed.
260 _aBuenos Aires
_bAique
_c2000
300 0 _a328 p.
490 0 _aPsicología cognitiva y educación
650 4 _aINTELIGENCIA
650 4 _aTEORIA DE LA INTELIGENCIA
650 4 _aPSICOLOGIA EVOLUTIVA [PIAGET]
650 4 _aTEORIAS DE LA PERSONALIDAD
650 4 _aINFORMATICA
650 4 _aMEMORIA
650 4 _aAPRENDIZAJE
650 4 _aCEREBRO
650 4 _aGENETICA HUMANA
650 4 _aCOGNICION
650 4 _aESCOLARIDAD
650 4 _aINTELIGENCIA PRACTICA
700 1 _aKornhaber, Mindy L.
700 1 _aWake, Warren K.
700 1 _aWald, Miguel
_etraductor
800 1 _aCarretero, Mario
942 _cBK
998 _cEugenia
999 _c20286
_d20286